[Event "30.Schlosspark-Open"]
[Site "Wiesbaden-Biebrich"]
[Date "2018.08.26"]
[Round "6.81"]
[White "Sturm, Holger"]
[Black "Knoedler, Marcel"]
[Result "0-1"]
[WhiteElo "1117"]
[BlackElo "1646"]
[PlyCount "60"]
[EventDate "2018.??.??"]
[WhiteTeam "Schierstein"]
[BlackTeam "FC Bierstadt"]

1. d4 g6 2. c4 Bg7 3. Nc3 c5 4. e3 Nf6 5. Nf3 O-O 6. Bd3 d6 7. h3 Nc6 8. O-O b6
9. a3 Bb7 10. Re1 Nd7 11. Bc2 a6 12. d5 Nce5 13. Nxe5 Nxe5 14. Bb3 b5 15. Qe2
Qb6 16. f4 Nxc4 17. Bxc4 bxc4 18. Qxc4 Bxc3 19. bxc3 Qb5 20. Qe2 Qxe2 21. Rxe2
Bxd5 22. Rb1 Rfb8 23. Reb2 Rxb2 24. Rxb2 Ra7 25. Bd2 Rb7 26. Rxb7 Bxb7 27. Be1
f5 28. Bh4 Kf7 29. Kf2 Ke8 30. Ke2 Bxg2 0-1

[Event "30.Schlosspark-Open"]
[Site "Wiesbaden-Biebrich"]
[Date "2018.08.26"]
[Round "6.82"]
[White "Sitta, Stefan"]
[Black "Rutsatz, Mario"]
[Result "0-1"]
[WhiteElo "1487"]
[BlackElo "1999"]
[PlyCount "106"]
[EventDate "2018.??.??"]
[WhiteTeam "Sfr. Wiesbaden"]
[BlackTeam "SF Frankfurt"]

1. e4 e6 2. d3 c5 3. f4 Nc6 4. Nf3 Nge7 5. b3 d5 6. Bb2 d4 7. Nbd2 Ng6 8. g3
Be7 9. Bg2 Bd7 10. Qe2 e5 11. f5 Nf8 12. Nf1 Qc7 13. h3 O-O-O 14. g4 g5 15. Ng3
h6 16. O-O Nh7 17. Nh5 Nf6 18. Nxf6 Bxf6 19. Kf2 Qd6 20. Qd2 Rdg8 21. a3 Kb8
22. Qe1 Bd8 23. Bc1 Ba5 24. Bd2 Bxd2 25. Qxd2 f6 26. Rfb1 Be8 27. Qe1 Bf7 28.
Kg3 h5 29. Qd2 Kc7 30. Qe1 Kd7 31. Qd2 Rc8 32. Qe1 Rc7 33. Qd2 Rb8 34. Bf1 b5
35. Qe1 Rcb7 36. Nd2 hxg4 37. hxg4 Rh8 38. Bg2 Rbb8 39. Nf3 c4 40. bxc4 bxc4
41. Rxb8 Rxb8 42. Qd2 Rb2 43. Qc1 c3 44. Qd1 Qc5 45. Ne1 Ba2 46. Qe2 Qxa3 47.
Bf3 Qe7 48. Qh2 a5 49. Qh8 Rb8 50. Qh6 Nb4 51. Rc1 a4 52. Ng2 a3 53. Ra1 Ra8
0-1

[Event "30.Schlosspark-Open"]
[Site "Wiesbaden-Biebrich"]
[Date "2018.08.26"]
[Round "6.83"]
[White "Busch, Guenther"]
[Black "Baumgarten, Fred"]
[Result "0-1"]
[WhiteElo "1509"]
[BlackElo "1721"]
[PlyCount "82"]
[EventDate "2018.??.??"]
[WhiteTeam "FC Bierstadt"]
[BlackTeam "SV Hennef"]

1. Nf3 c5 2. c4 g6 3. Nc3 Bg7 4. g3 Nf6 5. b3 O-O 6. Bb2 d6 7. Bg2 Na6 8. a3
Rb8 9. Rb1 Bd7 10. O-O b5 11. d3 Nc7 12. e4 bxc4 13. bxc4 Rb6 14. Nd5 Ncxd5 15.
exd5 Qb8 16. Bxf6 Bxf6 17. Rxb6 Qxb6 18. Qb1 Rb8 19. Qd1 Qb3 20. Qe2 Qxa3 21.
Qe3 Rb3 22. Rd1 Kg7 23. Bf1 Bg4 24. Be2 Rb2 25. Nd2 Bxe2 26. Qxe2 Qa2 27. Qe3
a5 28. Ne4 a4 29. Qe1 Re2 30. Qf1 Bd4 31. Re1 Rxe1 32. Qxe1 Qa1 33. Qf1 Qxf1+
34. Kxf1 a3 35. Nd2 a2 36. Nb3 a1=Q+ 37. Nxa1 Bxa1 38. Ke2 Kf6 39. g4 g5 40. h3
Ke5 41. Kd2 Kf4 0-1

[Event "30.Schlosspark-Open"]
[Site "Wiesbaden-Biebrich"]
[Date "2018.08.26"]
[Round "6.84"]
[White "Hedrich, Gerd"]
[Black "Viol, Julius"]
[Result "0-1"]
[WhiteElo "1497"]
[BlackElo "1666"]
[PlyCount "66"]
[EventDate "2018.??.??"]
[WhiteTeam "Wiesbadener SV"]
[BlackTeam "FC Bierstadt"]

1. Nf3 c5 2. c4 g6 3. Nc3 Bg7 4. e3 Nc6 5. a3 d6 6. Be2 Bd7 7. O-O e6 8. Qc2 a6
9. Rb1 Nge7 10. Ne4 Qc7 11. b3 f5 12. Neg5 h6 13. Bb2 e5 14. Nh3 g5 15. Ne1
O-O-O 16. f4 g4 17. Nf2 Rdg8 18. g3 h5 19. Ng2 e4 20. Nh4 Qd8 21. Bc3 Bxc3 22.
Qxc3 Ng6 23. Nh1 Nxh4 24. gxh4 Qxh4 25. Ng3 Qd8 26. Rf2 h4 27. Nh1 g3 28. Rg2
gxh2+ 29. Kxh2 Rxg2+ 30. Kxg2 h3+ 31. Kh2 Rg8 32. Rg1 Rxg1 33. Kxg1 Qh8 0-1

[Event "30.Schlosspark-Open"]
[Site "Wiesbaden-Biebrich"]
[Date "2018.08.26"]
[Round "6.86"]
[White "Ostendorph, Elias"]
[Black "Traut, Stefan"]
[Result "1/2-1/2"]
[WhiteElo "1281"]
[BlackElo "1627"]
[PlyCount "96"]
[EventDate "2018.??.??"]
[WhiteTeam "TSG Ã–hringen"]
[BlackTeam "SF Heusenstamm"]

1. Nf3 Nf6 2. g3 g6 3. Bg2 Bg7 4. c3 O-O 5. d4 d5 6. O-O Bf5 7. Nh4 Be6 8. Bg5
c6 9. Bxf6 Bxf6 10. Nf3 Qc7 11. Nbd2 Na6 12. e4 dxe4 13. Nxe4 Bg7 14. Re1 Rfe8
15. a4 Rad8 16. Bf1 Nb8 17. Nc5 Bc8 18. Bc4 b6 19. Nd3 e6 20. b4 Nd7 21. Qb3
Nf6 22. Nde5 a6 23. Ng5 b5 24. axb5 cxb5 25. Bf1 Rf8 26. Bh3 Nd5 27. Nexf7 Rxf7
28. Nxe6 Bxe6 29. Bxe6 Qd6 30. Bxf7+ Kxf7 31. Qa2 Ra8 32. Qe2 Rc8 33. Qf3+ Kg8
34. Qg4 Rf8 35. Qe6+ Qxe6 36. Rxe6 Nxc3 37. Rexa6 Bxd4 38. Rf1 Kg7 39. Kg2 h6
40. Rd6 Bf6 41. Rc1 Rc8 42. Rb6 Rc7 43. Re1 Re7 44. Rxe7+ Bxe7 45. Rb7 Kf6 46.
Kf3 Bxb4 47. Rb6+ Kf7 48. Rb7+ Kf6 1/2-1/2

[Event "30.Schlosspark-Open"]
[Site "Wiesbaden-Biebrich"]
[Date "2018.08.26"]
[Round "6.87"]
[White "Jahraus, Marlis"]
[Black "Witt, Alexander"]
[Result "1/2-1/2"]
[WhiteElo "1588"]
[BlackElo "1535"]
[PlyCount "68"]
[EventDate "2018.??.??"]
[WhiteTeam "SC Untergrombach"]
[BlackTeam "Vorw.Orient Mainz"]

1. e4 e5 2. Bc4 Nf6 3. Nc3 Bc5 4. d3 d6 5. f4 O-O 6. Nf3 Nc6 7. Na4 Bb6 8. Nxb6
axb6 9. O-O h6 10. f5 Na5 11. Nh4 Nxc4 12. dxc4 Nxe4 13. Qf3 Qxh4 14. g3 Nxg3
15. Qxg3 Qxg3+ 16. hxg3 c6 17. f6 Be6 18. fxg7 Kxg7 19. b3 d5 20. cxd5 cxd5 21.
Rf2 h5 22. Bg5 f6 23. Bh4 Rac8 24. Raf1 f5 25. Be7 Rf7 26. Bd6 e4 27. Be5+ Kg6
28. Re2 Rd7 29. c3 b5 30. b4 Ra8 31. Rf4 Rh7 32. Rh4 Rd8 33. Bd4 Rdd7 34. Kf2
Rdf7 1/2-1/2

[Event "30.Schlosspark-Open"]
[Site "Wiesbaden-Biebrich"]
[Date "2018.08.26"]
[Round "6.88"]
[White "Maleski, Heinz"]
[Black "Scheve, Pierre"]
[Result "1-0"]
[WhiteElo "1667"]
[BlackElo "1503"]
[PlyCount "37"]
[EventDate "2018.??.??"]
[WhiteTeam "SV Mainz-Mombach"]
[BlackTeam "TuS Dotzheim"]

1. d4 Nf6 2. Nf3 c5 3. c3 Qc7 4. e3 d5 5. h3 g6 6. Be2 Bg7 7. Nbd2 O-O 8. dxc5
Qxc5 9. Nb3 Qc7 10. O-O Nc6 11. Nbd4 e5 12. Nxc6 bxc6 13. Bd2 Rd8 14. Qa4 Ne4
15. Rfd1 Rb8 16. c4 d4 17. Ba5 Qb7 18. Bxd8 Qxb2 19. Qxc6 1-0

[Event "30.Schlosspark-Open"]
[Site "Wiesbaden-Biebrich"]
[Date "2018.08.26"]
[Round "6.89"]
[White "Martin, Lukas"]
[Black "Troeger, Beate"]
[Result "0-1"]
[WhiteElo "1526"]
[BlackElo "1486"]
[PlyCount "78"]
[EventDate "2018.??.??"]
[WhiteTeam "SC Bad Soden"]
[BlackTeam "Vorw.Orient Mainz"]

1. d4 f5 2. c4 Nf6 3. Nc3 g6 4. Nf3 Bg7 5. Bg5 O-O 6. e3 b6 7. Be2 Bb7 8. O-O
e6 9. d5 a6 10. Qd2 Qe8 11. Rfd1 e5 12. d6 c5 13. Bxf6 Bxf6 14. Nd5 Qd8 15. Nc7
Ra7 16. b4 e4 17. Ne1 Bxa1 18. Rxa1 Qf6 19. Rb1 Nc6 20. b5 a5 21. Nd5 Qe5 22.
bxc6 Bxc6 23. Ne7+ Kf7 24. Nxc6 dxc6 25. Rxb6 Rd8 26. Rxc6 a4 27. f3 Rb7 28.
fxe4 fxe4 29. Qd5+ Qxd5 30. cxd5 Rb2 31. Bg4 Rxa2 32. Rc7+ Kf6 33. d7 Ke7 34.
Rc8 Rd2 35. Rxc5 a3 36. Nc2 a2 37. Kf1 Rxc2 38. Rxc2 a1=Q+ 39. Kf2 Qf6+ 0-1

[Event "30.Schlosspark-Open"]
[Site "Wiesbaden-Biebrich"]
[Date "2018.08.26"]
[Round "6.90"]
[White "Baehrle, Julius"]
[Black "Raima, Jan"]
[Result "1/2-1/2"]
[WhiteElo "1373"]
[BlackElo "1366"]
[PlyCount "43"]
[EventDate "2018.??.??"]
[WhiteTeam "FC Bierstadt"]
[BlackTeam "FC Bierstadt"]

1. d4 b5 2. Nf3 a6 3. Bf4 g6 4. h3 Bg7 5. e3 c5 6. Be2 d6 7. O-O Nf6 8. Nc3 Nc6
9. Rc1 O-O 10. Qe1 Bb7 11. Rd1 Nh5 12. Rd2 Nxf4 13. exf4 Qc7 14. Nd5 Qb8 15.
Nb6 Ra7 16. Nd7 Qd8 17. Nxf8 Qxf8 18. Qd1 Nxd4 19. Nxd4 cxd4 20. Rxd4 Bxd4 21.
Qxd4 Ra8 22. Bf3 1/2-1/2